000 00710nam a2200229 a 4500
001 57211
003 BD-RjUL
005 20211209080500.0
008 161207s1961 enk 001 0 eng
035 _a(BD-RjUL)57335
040 _aDLC
_cOTU
_dOTU
_dBD-RjUL
_beng
041 _aeng
082 _223
_a303484
_bHOR 1961
100 1 _aHorowitz, Irving Louis.
_9169912
245 1 0 _aRadicalism and the revolt against reason :
_bthe social theoris of Georges Sorel /
_cIrving Louis Horowitz,
260 _aNew York :
_bHumanities Press,
_cc1961
300 _aviii, 264 p. ;
_c23 cm.
500 _aInclude index
600 1 0 _aSorel, Georges,
_d1847-1922.
_9171054
942 _2ddc
_cBK
999 _c57211
_d57211